Größte österreichische Stadt nach Fluss - Statistiken

Allgemein
  • Dieses Quiz wurde 151 mal gespielt
  • Das Durchschnittsergebnis liegt bei 13 aus 23
Antworten auf der Karte
Die Antworten werden auf der Karte rot bzw. grün angezeigt, abhängig davon wie oft sie richtig erraten wurden.
 
Antwortstatistiken
Fluss Einwohner Stadt % Korrekt
Donau 1.920.949 Wien
100%
Salzach 155.416 Salzburg
96%
Inn 131.059 Innsbruck
95%
Mur 291.134 Graz
92%
Drau 63.236 Villach
75%
Traun 62.654 Wels
72%
Enns 37.952 Steyr
65%
Traisen 55.878 St. Pölten
65%
Ill 34.538 Feldkirch
58%
Leitha 46.456 Wiener Neustadt
53%
Lavant 25.031 Wolfsberg
52%
Ybbs 23.569 Amstetten
46%
Lech 6.989 Reutte
45%
Schwechat 25.817 Baden
42%
Mürz 22.380 Kapfenberg
41%
Kamp 10.723 Zwettl
41%
Pinka 7.662 Oberwart
39%
Rhein 23.476 Lustenau
38%
Lainsitz 5.238 Gmünd
37%
Thaya 6.246 Laa an der Thaya
37%
Gail 6.915 Hermagor- Pressegger See
32%
Wulka 7.538 Mattersburg
31%
Raab 13.371 Feldbach
26%
Keine übereinstimmenden Quizze gefunden
Verteilung der Resultate
Anzahl Personen mit jedem Resultat
Perzentil nach korrekt beantworteten Fragen
Ihre Resultats-Entwicklung
Sie haben dieses Quiz noch nicht gespielt